000 00612nam a2200241Ia 4500
003 OSt
005 20220924134508.0
006 a|||||r|||| 00| 0
007 ta
008 220923b |||||||| |||| 00| 0 urd d
024 _a274212
037 _cTextual
040 _aARTS
_cARTS
_burd
041 _2urd
_aurd
082 _aO168,3MMA,1, M80
100 _aMunsi Bane Prashad
_9208540
245 0 _aQissa tuta wa mainna
260 _c1880
300 _a32p.
_ccm.
650 _aURDU LITERATURE
942 _hO168,3MMA,1, M80
_cTEXL
_2CC
999 _c437461
_d437461